000 00366nam a2200133 4500
001 16428
021 _b491428/21
090 _a16428
100 _a20251016 pory50
200 _aDuarte Darmas: do cálamo ao drone
_fSantiago Macias
_gFernando Branco Correia
210 _a[S.L.]
_cMultiCulti
_d2021
215 _a135p.
_cfot.
_d28 cm
801 _aPT
_bBMA
_gRPC
990 _cLIVROS